Global trade and customs journal (Record no. 17)

000 -LEADER
fixed length control field nas a22 a 4500
005 - DATE AND TIME OF LATEST TRANSACTION
control field 20170413100556.0
008 - FIXED-LENGTH DATA ELEMENTS--GENERAL INFORMATION
fixed length control field 170413b20069999ne ||||| |||| 00| 0 eng d
040 ## - CATALOGING SOURCE
Original cataloging agency AKMAL
082 ## - DEWEY DECIMAL CLASSIFICATION NUMBER
Classification number 339
090 ## - LOCALLY ASSIGNED LC-TYPE CALL NUMBER (OCLC); LOCAL CALL NUMBER (RLIN)
Classification number (OCLC) (R) ; Classification number, CALL (RLIN) (NR) 339
245 00 - TITLE STATEMENT
Title Global trade and customs journal
260 ## - PUBLICATION, DISTRIBUTION, ETC.
Place of publication, distribution, etc. Alphen aan den Rijn, the Netherlands :
Name of publisher, distributor, etc. Kluwer Law International
Date of publication, distribution, etc. 2006-
300 ## - PHYSICAL DESCRIPTION
Extent v.
Other physical details illustrations ;
Dimensions 30 cm
310 ## - CURRENT PUBLICATION FREQUENCY
Current publication frequency Monthly
362 ## - DATES OF PUBLICATION AND/OR SEQUENTIAL DESIGNATION
Dates of publication and/or sequential designation Began with: Vol. 1, issue 1 (2006).
650 ## - SUBJECT ADDED ENTRY--TOPICAL TERM
Topical term or geographic name entry element Foreign trade regulation
Form subdivision Periodicals
9 (RLIN) 64
650 ## - SUBJECT ADDED ENTRY--TOPICAL TERM
Topical term or geographic name entry element Customs administration
Form subdivision Periodicals
General subdivision Law and legislation
9 (RLIN) 65
942 ## - ADDED ENTRY ELEMENTS (KOHA)
Source of classification or shelving scheme
Koha item type Periodicals
Holdings
Withdrawn status Lost status Source of classification or shelving scheme Damaged status Not for loan Collection code Home library Current library Shelving location Date acquired Serial Enumeration / chronology Total Checkouts Full call number Barcode Date last seen Price effective from Koha item type
          NON-FICTION AKMAL Melaka AKMAL Melaka PINJAMAN 13.04.2017 Volume 10, Issue 1 January 2015   339 201700034 13.04.2017 13.04.2017 Periodicals
          NON-FICTION AKMAL Melaka AKMAL Melaka PINJAMAN 13.04.2017 Volume 10, Issue 2 February 2015   339 201700035 13.04.2017 13.04.2017 Periodicals
          NON-FICTION AKMAL Melaka AKMAL Melaka PINJAMAN 13.04.2017 Volume 10, Issue 3 March 2015   339 201700036 13.04.2017 13.04.2017 Periodicals
          NON-FICTION AKMAL Melaka AKMAL Melaka PINJAMAN 13.04.2017 Volume 10, Issue 4 April 2015   339 201700037 13.04.2017 13.04.2017 Periodicals
          NON-FICTION AKMAL Melaka AKMAL Melaka PINJAMAN 13.04.2017 Volume 10, Issue 5 May 2015   339 201700038 13.04.2017 13.04.2017 Periodicals
          NON-FICTION AKMAL Melaka AKMAL Melaka PINJAMAN 13.04.2017 Volume 10, Issue 6 July 2015   339 201700039 13.04.2017 13.04.2017 Periodicals
          NON-FICTION AKMAL Melaka AKMAL Melaka PINJAMAN 13.04.2017 Volume 10, Issue 7 & 8 August/September 2015   339 201700040 13.04.2017 13.04.2017 Periodicals
          NON-FICTION AKMAL Melaka AKMAL Melaka PINJAMAN 13.04.2017 Volume 10, Issue 9 September 2015   339 201700041 13.04.2017 13.04.2017 Periodicals
          NON-FICTION AKMAL Melaka AKMAL Melaka PINJAMAN 13.04.2017 Volume 10, Issue 10 October 2015   339 201700042 13.04.2017 13.04.2017 Periodicals
Pusat Sumber Maklumat Dato' Haji Sarmin Md Hussin, Akademi Kastam Diraja Malaysia, Melaka
Tel: 06-2331106 | Faks: 06-2313787